[Event "Tourn. n9514"]
[Site "www.chess-mail.com"]
[Date "2017.10.08"]
[Round "1"]
[White "Nulladies"]
[Black "Griffo30"]
[WhiteElo "1960"]
[BlackElo "2100"]
[Result "0-1"]
[Round "1"]
1.d4 Ng8f6
2.Bc1f4 g6
3.e3 Bf8g7
4.c3 O-O
5.Ng1f3 d6
6.Nb1d2 Nb8d7
7.Bf1e2 b6
8.O-O Bc8b7
9.Be2c4 Nf6h5
10.Qd1c2 Rf8e8
11.Bf4g5 h6
12.Bg5h4 Nh5f6
13.Ra1e1 c5
14.Qc2b3 d5
15.Bc4d3 c4
16.Nd2xc4 dxc4
17.Bd3xc4 e6
18.Bc4e2 g5
19.Bh4g3 Nf6e4
20.Nf3e5 Ne4d2
21.Qb3b5 Nd2xf1
22.Kxf1 Nd7xe5
23.Bg3xe5 Bg7xe5
24.Qb5xe5 Qd8d5
25.Qe5xd5 Bb7xd5
26.Be2b5 Re8c8
27.Bb5d3 Bd5xa2
28.Bd3e4 Ba2d5
29.Be4d3 Bd5c4
30.Bd3xc4 Rc8xc4
31.Re1b1 a5
32.b3 Rc4xc3
33.Ke2 Ra8c8
34.Rb1b2 Rc3c2
35.Rb2xc2 Rc8xc2
36.Kf3 Rc2b2
{ resign }
0-1

[Event "Match"]
[Site "www.echecsemail.com"]
[Date "2017.10.08"]
[Round "1"]
[White "Pcs"]
[Black "Micheles"]
[WhiteElo "1809"]
[BlackElo "2520"]
[Result "0-1"]
[Round "1"]
1.Ng1f3 Ng8f6
2.d3 d5
3.c3 c5
4.Nb1d2 Nb8c6
5.e4 Bc8g4
6.Bf1e2 e6
7.Qd1c2 Bf8e7
8.O-O O-O
9.Rf1e1 Qd8c7
10.Nd2f1 d4
11.h3 Bg4xf3
12.Be2xf3 Rf8d8
13.Bf3e2 Rd8d7
14.f4 e5
 { time }
0-1

[Event "Match"]
[Site "www.echecsemail.com"]
[Date "2017.10.08"]
[Round "1"]
[White "Ericleo1980"]
[Black "Michel93"]
[WhiteElo "2270"]
[BlackElo "1809"]
[Result "1-0"]
[Round "1"]
1.e4 c5
2.Ng1f3 a6
3.d4 cxd4
4.Nf3xd4 e5
5.Nd4f3 Ng8f6
6.Bf1d3 d5
7.Nf3xe5 Qd8e7
8.f4 dxe4
9.Bd3e2 Nb8d7
10.Qd1d4 Qe7b4
11.c3 Qb4xd4
12.cxd4  { time }
1-0

[Event "Match"]
[Site "www.echecsemail.com"]
[Date "2017.10.08"]
[Round "1"]
[White "Biggles"]
[Black "Apdash"]
[WhiteElo "2140"]
[BlackElo "2090"]
[Result "1-0"]
[Round "1"]
1.e4 Nb8c6
2.Ng1f3 d6
3.d4 Bc8g4
4.Bc1e3 Ng8f6
5.Nb1c3 g6
6.Bf1e2 Bf8g7
7.Qd1d2 O-O
8.h3 Bg4xf3
9.Be2xf3 Nf6d7
10.Ra1d1 e5
11.dxe5 Nc6xe5
12.Bf3g4 Ne5c4
13.Qd2c1 Nd7e5
14.Bg4e2 Nc4xe3
15.Qc1xe3 c6
16.O-O Qd8c7
17.f4 Ne5d7
18.Kh1 Nd7b6
19.f5 f6
20.fxg6 h6
21.Be2g4 Ra8e8
22.Nc3e2 d5
23.Qe3b3 Re8xe4
24.Ne2g3 Re4e5
25.Ng3f5 Nb6c4
26.Rf1e1 Rf8e8
27.Qb3c3 h5
28.Bg4xh5 Nc4xb2
29.Re1xe5 Qc7xe5
30.Qc3xe5 Re8xe5
31.Rd1f1 Re5e2
32.Bh5xe2 { resign }
1-0

[Event "Match"]
[Site "www.echecsemail.com"]
[Date "2017.10.08"]
[Round "1"]
[White "Silverking"]
[Black "Liencam2"]
[WhiteElo "1499"]
[BlackElo "2250"]
[Result "1-0"]
[Round "1"]
1.c4 e5
2.Nb1c3 Nb8c6
3.g3 g6
4.Bf1g2 Bf8g7
5.Ng1f3 d6
6.O-O f5
7.d3 Ng8f6
8.Bc1d2 O-O
9.Nf3g5 h6
10.Ng5h3 Bc8e6
11.f4 Qd8d7
12.Nh3f2 exf4
13.Bd2xf4 Nf6h5
14.Bf4d2 f4
15.g4 Be6xg4
16.Nc3e4 Nc6d4
17.Bg2f3 Nd4xf3
18.exf3 Bg4f5
19.Bd2c3 d5
20.Bc3xg7 Nh5xg7
21.cxd5 Qd7xd5
22.Qd1c2 c6
23.Qc2c3 Ra8d8
24.Ne4f6 Rf8xf6
25.Qc3xf6 Rd8f8
26.Qf6c3 Qd5xf3
27.Qc3b3 Rf8f7
28.Qb3d1 Qf3d5
29.Qd1b3 Qd5d7
30.Qb3c4 Bf5e6
31.Qc4e4 Be6d5
32.Qe4xg6 Bd5f3
33.Rf1e1 Rf7f5
34.h4 Qd7d8
35.Qg6xh6 Rf5f6
36.Qh6g5 Qd8d6
37.h5 Bf3xh5
38.Qg5e5 Qd6d8
39.Re1e4 Rf6f5
40.Qe5e7 Qd8b6
41.Re4b4 Qb6e3
42.Qe7xe3 fxe3
43.Nf2e4 b6
44.Rb4d4 Bh5f3
45.Ra1e1 Ng7e6
46.Rd4d6 Ne6g5
47.Re1xe3 Ng5f7
48.Rd6xc6 Nf7g5
49.Rc6c8 Kg7
50.Ne4xg5 Rf5xg5
51.Kf2 Bf3d5
52.Re3g3 Kg6
53.b3 Rg5xg3
54.Kxg3 Kf5
55.Rc8e8 Bd5e6
56.d4 Be6d5
57.Re8e5 Kf6
58.Re5xd5 { resign }
1-0

[Event "Match"]
[Site "www.echecsemail.com"]
[Date "2017.10.08"]
[Round "1"]
[White "Michel93"]
[Black "Guidom"]
[WhiteElo "1809"]
[BlackElo "2130"]
[Result "0-1"]
[Round "1"]
1.d4 d5
2.c4 e6
3.Nb1c3 Ng8f6
4.cxd5 exd5
5.Bc1g5 Nb8d7
6.e3 Bf8e7
7.Qd1c2 h6
8.Bg5f4 c6
9.Bf1d3 Nd7b6
10.Ng1f3 Bc8e6
11.O-O O-O
12.a3 Ra8c8
13.b4 a6
14.Nf3d2 Rf8e8
15.Nc3a4 Nb6xa4
16.Qc2xa4 Be7d6
17.Bf4xd6 Qd8xd6
18.Nd2b3 Nf6d7
19.Nb3c5 Nd7xc5
20.bxc5 Qd6d7
21.Ra1b1 Rc8b8
22.Rb1b6 Be6f5
23.Bd3xf5 Qd7xf5
24.Rf1b1 Qf5c8
25.Qa4b4 Re8e7
26.Rb6xa6 f5
27.Ra6b6 Kf7
28.a4 Ke6
 { time }
0-1

[Event "1/128 Finale"]
[Site "www.chess-mail.com"]
[Date "2017.10.08"]
[Round "1"]
[White "Michel93"]
[Black "Guidom"]
[WhiteElo "1809"]
[BlackElo "2130"]
[Result "0-1"]
[Round "1"]
1.d4 d5
2.c4 c6
3.cxd5 Qd8xd5
4.Nb1c3 Qd5a5
5.e4 Ng8f6
6.Bc1d2 e6
7.Bf1d3 Bf8e7
8.Nc3d5 Qa5d8
9.Nd5xe7 Qd8xe7
10.Qd1b3 a5
11.Ng1f3 O-O
12.Ra1c1 Rf8d8
13.O-O Nb8d7
14.Bd2e3 e5
15.dxe5 Nd7xe5
16.Nf3xe5 Qe7xe5
17.f4 Qe5e7
18.Be3c5 Qe7e8
19.Bc5b6 Rd8d7
20.Rc1e1 h6
21.Kh1 Rd7e7
22.Bb6c5 Re7d7
23.Bd3b1 b5
24.Qb3c2 g6
25.e5 Nf6d5
26.f5 Nd5b4
27.Bc5xb4 axb4
 { time }
0-1

[Event "Eq:SIETE ESTRELLAS VERDES-Slap Shot Mates : "]
[Site "www.chess-mail.com"]
[Date "2017.10.08"]
[Round "1"]
[White "Susov"]
[Black "Coolant"]
[WhiteElo "1810"]
[BlackElo "2290"]
[Result "0-1"]
[Round "1"]
1.e4 Nb8c6
2.Ng1f3 e5
3.Bf1b5 f5
4.Bb5xc6 dxc6
5.Nb1c3 fxe4
6.Nc3xe4 Ng8f6
7.Ne4c3 Bf8d6
8.d3 O-O
9.Bc1g5 h6
10.Bg5h4 g5
11.Bh4g3 Qd8e7
12.O-O Bc8g4
13.h3 Bg4h5
14.Qd1e1 Ra8e8
15.Nf3d2 Nf6d5
16.Nd2e4 Bh5g6
17.a3 Nd5f4
18.Bg3xf4 exf4
19.f3 Bd6e5
20.Kh1 Rf8f7
21.Rf1f2 Rf7h7
22.Rf2e2 Qe7f7
23.Ra1d1 Qf7f5
24.d4 Be5h8
25.Ne4f2 Re8xe2
26.Qe1xe2 Qf5xc2
27.Qe2xc2 Bg6xc2
28.Rd1d2 Bc2f5
29.Nc3e4 Rh7d7
30.Nf2g4 Bf5xg4
31.hxg4 Rd7xd4
32.Rd2xd4 Bh8xd4
33.b3 Kf7
34.Kh2 Ke6
35.Ne4d2 b5
36.g3 Bd4e5
37.Nd2e4 fxg3
38.Kg2 Kd5
39.Ne4xg3 Be5xg3
40.Kxg3 c5
41.f4 gxf4
42.Kxf4 c4
43.bxc4 bxc4
44.Ke3 a5
45.a4 Ke5
{ resign }
0-1

[Event "Fast Game"]
[Site "www.echecsemail.com"]
[Date "2017.10.08"]
[Round "1"]
[White "Tonino1"]
[Black "Apdash"]
[WhiteElo "1909"]
[BlackElo "1759"]
[Result "1/2-1/2"]
[Round "1"]
1.d4 d5
2.f4 Bc8f5
3.e3 h5
4.Bf1d3 Bf5g4
5.Ng1f3 Ng8f6
6.Nb1d2 e6
7.O-O c5
8.c3 a6
9.h3 Bg4xf3
10.Qd1xf3 Nb8c6
11.b3 Qd8c8
12.Bc1a3 cxd4
13.Ba3xf8 Rh8xf8
14.exd4 Qc8c7
15.f5 O-O-O
16.Qf3f4 Qc7xf4
17.Rf1xf4 e5
18.dxe5 Nc6xe5
19.Bd3c2 Rf8e8
20.Ra1c1 Kb8
21.Kf2 Nf6d7
22.Rf4d4 Nd7f6
23.Nd2f3 Ne5xf3
24.gxf3 Rd8c8
25.Bc2d3 b5
26.a4 bxa4
27.Bd3xa6 Rc8c5
28.Rd4xa4 g5
29.fxg6 fxg6
30.b4 Rc5c7
31.b5 Re8f8
32.Kg2 Ka7
33.c4 dxc4
34.Ra4xc4 Rc7xc4
35.Rc1xc4 Rf8f7
36.Rc4d4 g5
37.Rd4d6 g4
38.hxg4 hxg4
39.Rd6xf6 Rf7xf6
40.fxg4 Kb8
41.Kg3 Kc7
42.g5 Rf6d6
43.Kf4 Kd7
44.Kf5 Ke7
45.Ba6b7 Rd6d1
46.g6 Kf8
47.Ke5 Kg7
48.Bb7e4 Rd1d2
49.b6 Rd2b2
50.b7 Rb2xb7
51.Be4xb7 Kxg6
52.Bb7d5 { draw }
1/2-1/2

[Event "Tourn. n9542"]
[Site "www.chess-mail.com"]
[Date "2017.10.09"]
[Round "1"]
[White "Norlavuaram"]
[Black "Goofy"]
[WhiteElo "2080"]
[BlackElo "2280"]
[Result "0-1"]
[Round "1"]
1.e4 d5
2.exd5 Ng8f6
3.c4 c6
4.dxc6 Nb8xc6
5.Nb1c3 Bc8f5
6.Qd1f3 e6
7.Bf1e2 Nc6d4
8.Qf3xb7 Nd4c2
9.Kf1 Nc2xa1
10.Nc3b5 Ra8c8
11.d4 Qd8d7
12.Qb7f3 Na1c2
13.g3 Bf5e4
{ resign }
0-1

[Event "Tourn. n9481"]
[Site "www.chess-mail.com"]
[Date "2017.10.09"]
[Round "1"]
[White "Roque1"]
[Black "Ditto"]
[WhiteElo "1990"]
[BlackElo "1890"]
[Result "0-1"]
[Round "1"]
1.e4 e5
2.Ng1f3 Nb8c6
3.Bf1b5 Bf8c5
4.O-O Ng8f6
5.Bb5xc6 bxc6
6.Nf3xe5 O-O
7.Nb1c3 Bc5d4
8.Ne5f3 Bd4b6
9.d3 d6
10.Bc1g5 Bc8g4
11.Rf1e1 Bb6d4
12.a4 Ra8b8
13.Ra1a2 Qd8e7
14.h3 Bd4xc3
15.bxc3 Bg4e6
16.c4 h6
17.Bg5xf6 { time. }
0-1

[Event "Tourn. n9538"]
[Site "www.chess-mail.com"]
[Date "2017.10.09"]
[Round "1"]
[White "Caspito"]
[Black "Nulladies"]
[WhiteElo "1870"]
[BlackElo "1920"]
[Result "1/2-1/2"]
[Round "1"]
1.e4 c5
2.b3 e5
3.Bc1b2 d6
4.Qd1f3 Ng8f6
5.Nb1c3 Bf8e7
6.Bf1c4 Nb8c6
7.Nc3d5 Nc6d4
8.Bb2xd4 cxd4
9.c3 dxc3
10.Nd5xc3 O-O
11.Ng1e2 Bc8g4
12.Qf3e3 Ra8c8
13.Qe3xa7 Rc8c7
14.Qa7e3 Nf6e8
15.Nc3d5 Rc7c8
16.O-O Be7g5
17.Qe3d3 Ne8c7
18.Ne2g3 Bg4e6
19.Ra1d1 Nc7xd5
20.Bc4xd5 Be6xd5
21.Qd3xd5 Qd8b6
22.Ng3f5 Rc8c5
23.Qd5xd6 Qb6xd6
24.Nf5xd6 b5
25.b4 Rc5c2
26.Nd6xb5 Bg5xd2
27.a3 f6
28.Nb5d6 Rf8d8
29.Nd6f5 Rd8a8
30.Nf5e3 Bd2xe3
31.fxe3 Ra8xa3
32.Rf1e1 Ra3a2
33.Rd1d7 Rc2xg2
34.Kh1 Rg2xh2
35.Kg1 Rh2h4
36.b5 Rh4xe4
37.b6 Re4g4
38.Kf1 Rg4g2
39.Re1a1 Rg2f2
40.Kg1 Rf2g2
41.Kf1 Rg2f2
42.Kg1 Rf2g2
43.Kf1 Rg2f2
44.Kg1 { draw }
1/2-1/2

[Event "Tourn. n9500"]
[Site "www.chess-mail.com"]
[Date "2017.10.09"]
[Round "1"]
[White "Michel93"]
[Black "Cjood"]
[WhiteElo "1809"]
[BlackElo "1900"]
[Result "0-1"]
[Round "1"]
1.d4 c6
2.c4 e5
3.dxe5 Qd8a5
4.Bc1d2 Qa5xe5
5.Bd2c3 Qe5c5
6.e4 d6
7.Ng1f3 Bc8e6
8.a3 Be6xc4
9.b4 Qc5b5
10.a4 Qb5a6
11.b5 cxb5
12.axb5 Qa6xb5
13.Nb1a3 Qb5b3
14.Na3b5 Qb3xd1
15.Ra1xd1 Bc4xb5
16.Bf1xb5 Nb8c6
17.Nf3d4 Ng8e7
18.Bc3b4 Ra8d8
19.Rd1c1 a6
20.Nd4xc6 Ne7xc6
21.Bb5xc6 bxc6
22.Rc1xc6 Rd8b8
23.Bb4d2 Kd7
24.Rc6c1 g6
25.Bd2c3 Rh8g8
26.O-O Bf8h6
27.Rc1a1 Rb8a8
28.Rf1d1 Rg8c8
29.Bc3b4 Rc8c6
30.e5 Bh6f8
31.Ra1a5 Ra8c8
32.Bb4a3 Ke6
33.exd6 Bf8xd6
34.Ba3xd6 Rc6c1
35.Ra5e5 Kd7
 { time }
0-1

[Event "Tourn. n9492"]
[Site "www.chess-mail.com"]
[Date "2017.10.09"]
[Round "1"]
[White "Tartan"]
[Black "Piriot"]
[WhiteElo "2460"]
[BlackElo "2470"]
[Result "1-0"]
[Round "1"]
1.d4 d6
2.e4 Ng8f6
3.Nb1c3 e5
4.dxe5 dxe5
5.Qd1xd8 Kxd8
6.Bf1c4 Ke8
7.Ng1f3 Bf8d6
8.Bc1e3 Nb8c6
9.O-O a6
10.a3 b5
11.Bc4d3 h6
12.Nc3d5 Nf6xd5
13.exd5 Nc6e7
14.c4 bxc4
15.Bd3xc4 a5
16.Ra1d1 a4
17.Rf1e1 f6
18.Re1e2 Bc8a6
{ time. }
1-0

[Event "Tourn. n9437"]
[Site "www.chess-mail.com"]
[Date "2017.10.09"]
[Round "1"]
[White "Obisporey"]
[Black "Fieldfast"]
[WhiteElo "2590"]
[BlackElo "2430"]
[Result "1/2-1/2"]
[Round "1"]
1.e4 c6
2.d4 d5
3.e5 Bc8f5
4.Ng1f3 e6
5.Bf1e2 Nb8d7
6.O-O Ng8e7
7.Nb1d2 h6
8.Nd2b3 Bf5h7
9.Bc1d2 Qd8c7
10.Ra1c1 Ne7c8
11.c4 dxc4
12.Be2xc4 Nc8b6
13.Bd2a5 Qc7c8
14.Ba5xb6 Nd7xb6
15.Bc4d3 Bh7xd3
16.Qd1xd3 Nb6d5
17.Nf3d2 Bf8e7
18.Nd2e4 O-O
19.a3 Qc8c7
20.Nb3d2 Ra8d8
21.Rf1d1 f5
22.Ne4c3 Nd5xc3
23.Qd3xc3 Be7g5
24.Rc1c2 Bg5xd2
25.Rc2xd2 Rd8d5
26.b4 Rf8d8
27.Rd2d3 Qc7d7
28.Kf1 a5
29.Qc3b3 axb4
30.axb4 Rd8a8
31.Rd3d2 Rd5b5
32.Qb3c3 Rb5d5
33.Kg1 Rd5b5
34.h3 Qd7e7
35.Rd1b1 Ra8d8
36.Rd2d3 Qe7d7
37.Rb1d1 Rb5d5
38.Kf1 Kh7
39.Rd3d2 Kg8
{ draw }
1/2-1/2

[Event "Tourn. n9551"]
[Site "www.chess-mail.com"]
[Date "2017.10.09"]
[Round "1"]
[White "Bojan"]
[Black "Luban"]
[WhiteElo "2040"]
[BlackElo "2060"]
[Result "0-1"]
[Round "1"]
1.e4 c5
2.c3 d5
3.e5 e6
4.d3 Ng8e7
5.Qd1g4 Ne7g6
6.Bc1g5 Qd8b6
7.Qg4e2 Ng6xe5
8.Qe2c2 Ne5g6
9.Ng1f3 Nb8c6
10.Nb1d2 Bf8e7
11.Bg5xe7 Nc6xe7
12.g3 Bc8d7
13.h4 Ne7c6
14.Bf1e2 O-O
15.h5 Ng6e5
16.Nf3xe5 Nc6xe5
17.f4 Ne5c6
18.Nd2f3 Ra8c8
19.a3 d4
20.c4 Nc6a5
21.Be2d1 f6
22.Ra1b1 e5
23.Qc2d2 Bd7g4
24.Rh1h4 Bg4xf3
25.Bd1xf3 Rf8e8
26.f5 Na5b3
27.Qd2c2 Rc8d8
28.Bf3e4 a5
29.h6 Rd8d7
30.Qc2e2 a4
31.Kf2 Qb6c7
32.g4 gxh6
33.Rh4xh6 Rd7d6
34.Rb1h1 Re8e7
35.Kf3 Re7g7
36.Rh1g1 b6
37.Rg1g3 Qc7d8
38.Qe2h2 Rd6d7
39.Be4c6 Rd7c7
40.Bc6e4 Nb3a5
41.Qh2h4 Rg7g5
42.Rh6h5 Rc7g7
43.Rh5xg5 Rg7xg5
44.Qh4h2 Qd8e7
45.Rg3h3 Na5b7
46.Be4c6 Nb7d6
47.Qh2c2 Qe7g7
48.Rh3h4 h5
49.Qc2g2 Nd6xf5
50.Rh4xh5 Rg5xh5
51.gxh5 Nf5h4
{ resign }
0-1

[Event "Tourn. n9489"]
[Site "www.chess-mail.com"]
[Date "2017.10.09"]
[Round "1"]
[White "Fabos12"]
[Black "Fantomas"]
[WhiteElo "2010"]
[BlackElo "2030"]
[Result "0-1"]
[Round "1"]
1.d4 d5
2.Ng1f3 Ng8f6
3.Bc1f4 e6
4.e3 h6
5.h3 Bf8d6
6.Nf3e5 c6
7.Bf1d3 Qd8c7
8.Nb1d2 Nb8d7
9.Nd2f3 O-O
10.Qd1e2 c5
11.c3 c4
12.Bd3c2 b5
13.a3 Rf8e8
14.O-O-O Nd7f8
15.g4 Nf6d7
16.Rd1g1 f6
17.Ne5g6 Nf8xg6
18.Bf4xd6 Qc7xd6
19.Nf3d2 Ng6e7
20.f4 e5
21.fxe5 fxe5
22.g5 e4
23.gxh6 Qd6xh6
24.Nd2xe4 dxe4
25.Bc2xe4 Ra8b8
26.a4 a6
27.h4 Nd7f6
28.Be4c2 Ne7f5
29.Rg1g5 Nf6e4
30.Bc2xe4 Re8xe4
 { time }
0-1

[Event "Tourn. n9565"]
[Site "www.chess-mail.com"]
[Date "2017.10.09"]
[Round "1"]
[White "Apdash"]
[Black "Luban"]
[WhiteElo "2180"]
[BlackElo "2130"]
[Result "0-1"]
[Round "1"]
1.e4 c6
2.Bf1c4 d5
3.exd5 cxd5
4.Bc4b3 e6
5.Ng1f3 Ng8f6
6.O-O Bf8d6
7.d4 O-O
8.Bc1g5 Nb8c6
9.c4 dxc4
10.Bb3xc4 Bd6e7
11.Nb1c3 a6
12.Qd1d2 b5
13.Bc4b3 Bc8b7
14.Ra1d1 Nc6a5
15.Bb3c2 Bb7xf3
16.gxf3 g6
17.Bg5h6 Rf8e8
18.Qd2f4 Nf6d5
19.Nc3xd5 Qd8xd5
20.h4 Qd5h5
21.Bh6g5 Na5c4
22.b3 Be7d6
23.Qf4f6 Nc4b6
24.Bc2e4 Nb6d7
25.Be4xa8 Nd7xf6
26.Ba8c6 Re8c8
27.Bg5xf6 Rc8xc6
28.Kg2 Rc6c2
29.Rd1c1 Qh5f5
30.Bf6g5 Kg7
31.Rc1d1 f6
32.Bg5e3 Bd6a3
33.Rf1h1 Rc2xa2
34.h5 Ra2c2
35.hxg6 Qf5xg6
36.Kf1 Qg6f5
37.Rh1g1 Kf7
38.Rg1g3 Ba3d6
39.f4 Bd6xf4
40.Rg3f3 Qf5d5
{ resign }
0-1

[Event "Match"]
[Site "www.echecsemail.com"]
[Date "2017.10.09"]
[Round "1"]
[White "Gimmyg"]
[Black "Michel93"]
[WhiteElo "2450"]
[BlackElo "1809"]
[Result "1-0"]
[Round "1"]
1.b3 d5
2.c4 d4
3.Ng1f3 g6
4.d3 Bf8g7
5.g3 e5
6.Bf1g2 Ng8e7
7.b4 a5
8.Qd1a4 Nb8d7
9.b5 Nd7c5
10.Qa4a3 Qd8d6
11.Nb1d2 f5
12.Nd2b3 Nc5e6
13.Qa3xd6 cxd6
14.a4 Ne6c5
15.Nf3d2  { time }
1-0

[Event "Match"]
[Site "www.echecsemail.com"]
[Date "2017.10.09"]
[Round "1"]
[White "Biggles"]
[Black "Michel93"]
[WhiteElo "2090"]
[BlackElo "1809"]
[Result "1-0"]
[Round "1"]
1.e4 c5
2.d4 cxd4
3.Ng1f3 a6
4.Bf1c4 e6
5.O-O b5
6.Bc4b3 Bc8b7
7.Rf1e1 Nb8c6
8.Nf3xd4 d6
9.Nb1c3 Ng8f6
10.Bc1g5 Bf8e7
11.Bb3xe6 fxe6
12.Nd4xe6 Qd8d7
13.Ne6xg7 Kf7
14.Ng7f5 h5
15.Nc3d5 Nf6xd5
16.exd5 Qd7xf5
17.dxc6 Be7xg5
18.cxb7 Ra8d8
19.Qd1d4 Bg5f6
20.Qd4b6 Kg6
21.Ra1d1  { time }
1-0

[Event "Match"]
[Site "www.echecsemail.com"]
[Date "2017.10.09"]
[Round "1"]
[White "Juodivarnai"]
[Black "Apdash"]
[WhiteElo "2040"]
[BlackElo "2000"]
[Result "0-1"]
[Round "1"]
1.e4 e5
2.Ng1f3 Nb8c6
3.Bf1b5 Ng8e7
4.O-O d6
5.d4 exd4
6.Nf3xd4 Bc8d7
7.Nb1c3 Nc6xd4
8.Bb5xd7 Qd8xd7
9.Qd1xd4 Ne7c6
10.Qd4d1 Bf8e7
11.Bc1e3 O-O
12.Qd1d2 Nc6e5
13.f4 Ne5c4
14.Qd2c1 f5
15.Be3d4 fxe4
16.Nc3xe4 d5
17.Ne4g3 Be7f6
18.Bd4xf6 Rf8xf6
19.b3 Nc4d6
20.Qc1d2 c6
21.Ra1e1 Ra8f8
22.Ng3e2 Nd6e4
23.Qd2d3 Qd7g4
24.g3 h5
25.Qd3f3 Qg4g6
26.Kh1 Ne4d2
27.Qf3e3 Nd2xf1
28.Re1xf1 Qg6xc2
29.a3 Kf7
30.Ne2d4 Qc2b2
31.a4 Rf8e8
32.Qe3d3 Re8e4
33.Rf1d1 Qb2f2
34.Rd1f1 Qf2xd4
{ resign }
0-1

[Event "Match"]
[Site "www.echecsemail.com"]
[Date "2017.10.09"]
[Round "1"]
[White "Begory"]
[Black "Micheles"]
[WhiteElo "999"]
[BlackElo "2520"]
[Result "0-1"]
[Round "1"]
1.d4 Ng8f6
2.Bc1f4 g6
3.Nb1c3 d5
4.Nc3b5 Nb8a6
5.e3 c6
6.Nb5c3 Na6b8
7.Bf1d3 Bf8g7
8.Ng1f3 O-O
9.O-O Nb8d7
10.Rf1e1 c5
11.dxc5 Nd7xc5
12.Nc3b5 Bc8g4
13.Bd3e2 Nf6e4
14.h3 Bg4d7
15.Nb5c7 Ra8c8
16.Nc7xd5 e6
17.Nd5c3 Ne4xc3
18.bxc3 Bg7xc3
19.Ra1b1 Bc3xe1
20.Nf3xe1 b6
21.Ne1d3 Nc5e4
22.Be2f3 Ne4c3
23.Qd1c1 Nc3xb1
24.Qc1xb1 Bd7a4
25.Bf3e2 Ba4xc2
26.Qb1b2 Bc2xd3
27.Be2xd3 Qd8xd3
{ resign }
0-1

[Event "1/64 Finale"]
[Site "www.chess-mail.com"]
[Date "2017.10.09"]
[Round "1"]
[White "Sbb"]
[Black "Astroboy"]
[WhiteElo "2330"]
[BlackElo "2160"]
[Result "1-0"]
[Round "1"]
1.d4 e6
2.Ng1f3 Ng8f6
3.Bc1g5 Bf8e7
4.c4 d5
5.Nb1c3 O-O
6.e3 Nb8d7
7.Ra1c1 c6
8.Bf1d3 dxc4
9.Bd3xc4 h6
10.Bg5h4 b5
11.Bc4d3 Bc8b7
12.O-O a6
13.a4 b4
14.Nc3e4 Nf6xe4
15.Bh4xe7 Ne4xf2
16.Bd3h7 Kh8
17.Be7xd8 Nf2xd1
18.Rf1xd1 Ra8xd8
19.Bh7e4 Rd8c8
20.Nf3d2 Rc8c7
21.Nd2b3 g5
22.Nb3c5 Nd7xc5
23.Rc1xc5 f5
24.Be4f3 g4
25.Bf3e2 Kg7
26.Rd1c1 Rf8a8
27.a5 Ra8b8
28.Kf2 Rc7d7
29.Rc1c4 Bb7a8
30.e4 Rd7f7
31.exf5 exf5
32.Kg3 Rb8e8
33.Rc5e5 Re8xe5
34.dxe5  { time }
1-0

[Event "1/64 Finale"]
[Site "www.chess-mail.com"]
[Date "2017.10.09"]
[Round "1"]
[White "Gvladutz"]
[Black "Astroboy"]
[WhiteElo "2470"]
[BlackElo "2430"]
[Result "1-0"]
[Round "1"]
1.e4 c6
2.d4 d5
3.exd5 cxd5
4.c4 Ng8f6
5.Nb1c3 g6
6.Qd1b3 Bf8g7
7.cxd5 O-O
8.Ng1f3 Nb8d7
9.Bc1g5 Nd7b6
10.Bf1c4 Bc8f5
11.Bg5xf6 Bg7xf6
12.Ra1d1 Nb6xc4
13.Qb3xc4 Ra8c8
14.Qc4b3 Bf5g4
15.Rd1d3  { time }
1-0

[Event "1/128 Finale"]
[Site "www.chess-mail.com"]
[Date "2017.10.09"]
[Round "1"]
[White "Norlavuaram"]
[Black "Begory"]
[WhiteElo "2070"]
[BlackElo "999"]
[Result "1-0"]
[Round "1"]
1.e4 e5
2.Ng1f3 Bf8c5
3.Bf1c4 h6
4.O-O Ng8f6
5.d3 d6
6.h3 Bc8e6
7.Bc4xe6 fxe6
8.Rf1e1 Nb8c6
9.c3 Qd8e7
10.Nb1d2 O-O-O
11.b4 Bc5b6
12.a4 a6
13.Nd2c4 d5
14.exd5 exd5
15.Nc4xb6 cxb6
16.Bc1e3 e4
17.Nf3d4 Nc6xd4
18.Be3xd4 Qe7f7
19.Bd4xb6 Rd8e8
20.dxe4 Nf6xe4
21.Qd1d4 Rh8f8
22.f3 Ne4d6
23.Bb6c5 Re8d8
24.Qd4g4 Kb8
25.Re1e6 Qf7f5
26.Bc5xd6 Ka8
27.Bd6xf8 Qf5xg4
28.hxg4 Rd8xf8
29.Ra1d1 Ka7
30.Rd1xd5 Rf8c8
31.Rd5d7 Rc8xc3
32.Re6e7 Rc3b3
33.Rd7xb7 Ka8
34.Rb7a7 Kb8
35.Ra7b7 Ka8
36.Re7xg7 Rb3b1
37.Kh2 { resign }
1-0

[Event "Tourn. n9485"]
[Site "www.chess-mail.com"]
[Date "2017.10.10"]
[Round "1"]
[White "Cal"]
[Black "Squeakysquaw"]
[WhiteElo "1660"]
[BlackElo "1499"]
[Result "0-1"]
[Round "1"]
1.c4 e5
2.e4 Nb8c6
3.a3 Ng8f6
4.d3 Bf8c5
5.Ng1f3 Nf6g4
6.Bc1e3 Ng4xe3
7.fxe3 Bc5xe3
8.Nb1c3 Be3c5
9.h3 O-O
10.Bf1e2 Rf8e8
11.Nc3d5 Nc6d4
12.O-O Nd4xe2
13.Kh2 Ne2f4
14.b4 Bc5f8
15.Qd1b3 Nf4xd5
16.cxd5 d6
17.a4 b6
18.b5 Bf8e7
19.d4 Be7f6
20.dxe5 dxe5
21.g4 Bf6h4
22.d6 cxd6
23.Nf3xh4 Bc8e6
24.Qb3d3 Ra8c8
25.Rf1f3 Qd8xh4
26.Rf3g3 Re8d8
27.a5 Be6c4
28.Qd3b1 Qh4g5
29.axb6 axb6
30.Ra1a4 Qg5f4
31.h4 Qf4f2
32.Rg3g2 Qf2xh4
33.Kg1 Bc4d3
34.Qb1d1 Rc8c3
35.Qd1d2 Rd8c8
36.Ra4a7 Rc3c1
37.Qd2xc1 Rc8xc1
{ resign }
0-1

[Event "Tourn. n9531"]
[Site "www.chess-mail.com"]
[Date "2017.10.10"]
[Round "1"]
[White "Luban"]
[Black "Awfen"]
[WhiteElo "2090"]
[BlackElo "2050"]
[Result "1-0"]
[Round "1"]
1.d4 d5
2.Ng1f3 Ng8f6
3.h3 Nb8c6
4.e3 Bc8f5
5.a3 e6
6.c4 Bf8e7
7.Nb1c3 O-O
8.Bf1d3 Bf5xd3
9.Qd1xd3 Nc6a5
10.cxd5 exd5
11.Ra1b1 Na5c4
12.b3 Nc4xa3
13.Bc1xa3 Be7xa3
14.b4 a5
15.b5 Ba3b4
16.O-O b6
17.Nf3e5 Qd8d6
18.Rf1c1 Ra8c8
19.Nc3a4 Nf6e4
20.Rc1c6 Qd6e7
21.Rb1c1 Qe7h4
22.Rc1c2 Bb4e1
23.Qd3f1 Be1b4
24.Na4xb6 Rc8d8
25.Nb6d7 Rf8e8
26.Ne5f3 Rd8xd7
27.Nf3xh4 g6
28.Rc6xc7 Rd7xc7
29.Rc2xc7 Re8b8
30.f3 Ne4g3
31.Qf1f2 Bb4d6
32.Rc7d7 Rb8b6
33.Rd7xd6 { resign }
1-0

[Event "Tourn. n9523"]
[Site "www.chess-mail.com"]
[Date "2017.10.10"]
[Round "1"]
[White "Cal"]
[Black "Robinjut"]
[WhiteElo "1680"]
[BlackElo "1670"]
[Result "0-1"]
[Round "1"]
1.d4 d5
2.e3 Nb8c6
3.h3 a6
4.a3 Ng8f6
5.Ng1f3 e6
6.Nb1c3 h6
7.Bf1d3 Bf8d6
8.O-O Bc8d7
9.b4 Qd8e7
10.Nc3e2 O-O-O
11.c4 Nf6e4
12.Bd3xe4 dxe4
13.Nf3h2 Bd6xh2
14.Kxh2 Qe7d6
15.g3 e5
16.Bc1b2 Qd6e6
17.g4 exd4
18.exd4 Qe6xc4
19.Bb2c3 f5
20.Ra1c1 fxg4
21.Ne2f4 Rh8f8
22.Bc3b2 Qc4f7
23.h4 Qf7xf4
24.Kg2 Nc6e7
25.Rc1c3 Ne7f5
26.Bb2c1 Nf5xh4
27.Kh1 e3
28.Bc1xe3 Qf4e4
29.Kh2 Qe4g2

0-1

[Event "Tourn. n9533"]
[Site "www.chess-mail.com"]
[Date "2017.10.10"]
[Round "1"]
[White "Pachi"]
[Black "Caspito"]
[WhiteElo "1640"]
[BlackElo "1870"]
[Result "0-1"]
[Round "1"]
1.e4 e5
2.Ng1f3 Nb8c6
3.c3 Ng8f6
4.d3 d5
5.Bc1g5 Bf8e7
6.Bg5xf6 Be7xf6
7.exd5 Qd8xd5
8.Bf1e2 O-O
9.c4 Qd5d8
10.O-O Nc6d4
11.b4 Nd4xf3
12.Be2xf3 c6
13.b5 cxb5
14.Nb1a3 e4
15.Ra1b1 exf3
16.Qd1xf3 bxc4
17.dxc4 Ra8b8
18.Rf1d1 Qd8a5
19.g3 Bc8h3
20.g4 Bh3xg4
21.Qf3xg4 Qa5xa3
22.Rd1d2 Qa3c3
23.Rd2b2 b6
24.a4 Qc3a5
25.Rb2b4 Qa5c5
26.Rb4b3 Bf6d4
27.Rb3f3 Qc5xc4
28.a5 Bd4xf2
29.Rf3xf2 Qc4xg4
30.Rf2g2 Qg4e4
31.axb6 Qe4xb1
{ resign }
0-1

[Event "Tourn. n9557"]
[Site "www.chess-mail.com"]
[Date "2017.10.10"]
[Round "1"]
[White "Apdash"]
[Black "Fantomas"]
[WhiteElo "2210"]
[BlackElo "2220"]
[Result "1-0"]
[Round "1"]
1.d4 d5
2.Ng1f3 Ng8f6
3.c4 dxc4
4.Nb1c3 e6
5.e4 h6
6.Bf1xc4 Bf8b4
7.Qd1c2 O-O
8.O-O c6
9.Bc1e3 Qd8a5
10.Ra1d1 Bb4xc3
11.bxc3 Nb8d7
12.Bc4b3 Rf8e8
13.c4 b6
14.d5 cxd5
15.cxd5 exd5
16.exd5 Bc8a6
17.Rf1e1 Ra8c8
18.Qc2f5 Rc8d8
19.Nf3d4 Ba6b7
20.Be3d2 Qa5c5
21.Re1xe8 Rd8xe8
22.Bd2e3 Re8e5
23.Qf5h3 Qc5a3
24.Nd4c6 Re5e8
25.Qh3g3 Nf6e4
26.Qg3c7 Ne4c5
27.Nc6d8 Bb7a8
28.d6 Kf8
29.Be3xc5 Qa3xc5
30.Qc7xd7 { resign }
1-0

[Event "Tourn. n9543"]
[Site "www.chess-mail.com"]
[Date "2017.10.10"]
[Round "1"]
[White "Fantomas"]
[Black "Mancini"]
[WhiteElo "2240"]
[BlackElo "2470"]
[Result "0-1"]
[Round "1"]
1.d4 Ng8f6
2.c4 e6
3.Nb1c3 d5
4.e3 Bf8e7
5.Ng1f3 O-O
6.Bf1d3 dxc4
7.Bd3xc4 a6
8.O-O b5
9.Bc4b3 Bc8b7
10.Bb3c2 c5
11.dxc5 Be7xc5
12.Qd1e2 Nb8d7
13.Bc1d2 Ra8c8
14.Ra1c1 Qd8c7
15.h3 Rf8d8
16.Rf1d1 Nd7e5
17.Nf3e1 Ne5c4
18.Ne1d3 Bc5a7
19.Nc3b1 Ba7b8
20.b3 Qc7h2
{ resign }
0-1

[Event "Tourn. n9565"]
[Site "www.chess-mail.com"]
[Date "2017.10.10"]
[Round "1"]
[White "Apdash"]
[Black "Fantomas"]
[WhiteElo "2180"]
[BlackElo "2200"]
[Result "1-0"]
[Round "1"]
1.e4 e5
2.Ng1f3 Ng8f6
3.Bf1c4 Nb8c6
4.d3 h6
5.O-O Bf8e7
6.Rf1e1 d6
7.c3 O-O
8.a4 Bc8g4
9.Nb1d2 Bg4h5
10.b4 a6
11.Qd1b3 g5
12.Kh1 Qd8c8
13.h3 Kh7
14.a5 g4
15.hxg4 Nf6xg4
16.Kg1 Bh5g6
17.Nd2f1 Nc6d8
18.Nf1h2 f6
19.Nh2xg4 Qc8xg4
20.Nf3h2 Qg4d7
21.Re1e3 Nd8f7
22.Bc4xf7 Rf8xf7
23.Re3h3 Be7f8
24.Bc1d2 f5
25.exf5 Bg6xf5
26.Rh3h4 Kg6
27.Qb3d5 c6
28.Qd5f3 Rf7h7
29.Qf3h5 Kf6
30.Nh2g4 Bf5xg4
31.Rh4xg4 Qd7f5
32.Qh5h4 Ke6
33.d4 Bf8e7
34.Qh4g3 Ra8f8
35.dxe5 dxe5
36.Ra1e1 Kd5
37.c4 Kd6
38.Rg4d4 Ke6
39.f4 Kf7
40.fxe5 Ke8
41.e6 { resign }
1-0